[Event "8th Dubai Open"]
[Site "Dubai UAE"]
[Date "2006.04.30"]
[Round "8"]
[White "Pantsulaia,L"]
[Black "Satyapragyan,S"]
[Result "1-0"]
[WhiteElo "2611"]
[BlackElo "2403"]
[EventDate "2006.04.23"]

1. c4 c5 2. Nf3 Nf6 3. g3 b6 4. Bg2 Bb7 5. O-O e6 6. Nc3 Be7 7. d4 cxd4 8.
Qxd4 Nc6 9. Qf4 O-O 10. Rd1 Qb8 11. b3 Rd8 12. Ng5 Qxf4 13. Bxf4 Na5 14.
Rd3 Bxg2 15. Kxg2 Nb7 16. Rad1 Nc5 17. R3d2 Rac8 18. Nb5 h6 19. Nf3 Nfe4
20. Rd4 Bf6 21. Be5 a5 22. Bxf6 gxf6 23. Ne1 f5 24. Nf3 f6 25. Ne1 Ng5 26.
f3 Kf8 27. Rh4 Nf7 28. Nd6 Nxd6 29. Rxd6 Rc6 30. Rd1 Kg7 31. Nc2 Rh8 32.
Nd4 Rcc8 33. Nb5 Kf8 34. Rd6 Rb8 35. Kf2 Ke7 36. Ke1 h5 37. Rhd4 Rhc8 38.
Kd1 Rb7 39. Rh4 Rh8 40. Rd2 Rbb8 41. Rhd4 h4 42. Rxh4 Rxh4 43. gxh4 Nb7 44.
Rd4 e5 45. Rd2 Nc5 46. Nc3 f4 47. Ke1 Ne6 48. Kf2 f5 49. h5 Nc7 50. Kg2 Rh8
51. Nd5+ Nxd5 52. Rxd5 d6 53. Rb5 Rb8 54. Kh3 Kd7 55. Kh4 Kc6 56. h6 1-0

[Event "8th Dubai Open"]
[Site "Dubai UAE"]
[Date "2006.04.30"]
[Round "8"]
[White "Kacheishvili,G"]
[Black "El Taher,F"]
[Result "1-0"]
[WhiteElo "2605"]
[BlackElo "2468"]
[EventDate "2006.04.23"]

1. d4 Nf6 2. c4 c5 3. d5 g6 4. Nc3 Bg7 5. e4 d6 6. Bd3 O-O 7. h3 e6 8. Nge2
exd5 9. exd5 Nbd7 10. b3 b5 11. Nxb5 Nxd5 12. Rb1 Nb4 13. Be4 d5 14. Bxd5
Nxd5 15. Qxd5 Qa5+ 16. Qd2 Qb6 17. Bb2 Ne5 18. Rd1 Bb7 19. O-O Rad8 20. Qc2
Qc6 21. Nf4 Qa6 22. a4 Qf6 23. Nd5 Bxd5 24. Rxd5 Rxd5 25. cxd5 Rd8 26. Bc3
a6 27. f4 axb5 28. fxe5 Qe7 29. e6 fxe6 30. Bxg7 Kxg7 31. dxe6 Qxe6 32.
Qxc5 bxa4 33. Qc3+ Kg8 34. bxa4 Qd5 35. Qc7 Ra8 36. Kh2 Qb3 37. Rf4 Qb8 38.
Qxb8+ Rxb8 39. a5 Ra8 40. Ra4 Ra6 41. Kg3 Kf7 42. Kf4 Kf6 43. h4 h6 44. Kg4
Ke5 45. Ra1 Kd5 46. h5 Ke5 47. hxg6 Rxg6+ 48. Kh3 Ra6 49. Kh4 Kf5 50. Kh5
Kf4 51. Ra3 Kf5 52. Ra4 Ke5 53. g4 Kd5 54. Rf4 Ke5 55. Rf8 Ke4 56. Rh8
Rxa5+ 57. Kxh6 Kf4 58. Rg8 Ra1 59. g5 Rh1+ 60. Kg6 Ra1 61. Rb8 Rc1 62. Rb6
Rc5 63. Rb4+ Ke5 64. Kh6 Kf5 65. g6 Rc1 66. Rb6 Ra1 67. Kh7 Rh1+ 68. Kg8
Rh6 69. Kf7 Ke5 1-0

[Event "8th Dubai Open"]
[Site "Dubai UAE"]
[Date "2006.04.30"]
[Round "8"]
[White "Gupta,Ab"]
[Black "Gelashvili,T"]
[Result "0-1"]
[WhiteElo "2449"]
[BlackElo "2576"]
[EventDate "2006.04.23"]

1. d4 Nf6 2. c4 e6 3. Nc3 Bb4 4. Qc2 O-O 5. a3 Bxc3+ 6. Qxc3 d6 7. f3 b6 8.
e4 c5 9. dxc5 bxc5 10. Bg5 Nc6 11. Bd3 Rb8 12. Ne2 h6 13. Bh4 e5 14. O-O g5
15. Bf2 a5 16. Rab1 Nh5 17. Rfd1 Be6 18. b3 Qf6 19. Bc2 Rbd8 20. Rd3 g4 21.
f4 Nd4 22. Bxd4 cxd4 23. Qd2 a4 24. Rf1 axb3 25. Bxb3 Qg7 26. Qe1 f5 27.
exf5 Bxf5 28. Rd1 d3 29. Ng3 Nxg3 30. hxg3 e4 31. Qe3 Kh8 32. Rb1 Ra8 33.
a4 Rfb8 34. Ba2 Rxb1 35. Rxb1 Rxa4 36. Rb8+ Kh7 37. Qb6 d2 38. Bb3 Ra7 39.
Qb5 Qf7 40. c5 Ra1+ 41. Kf2 e3+ 42. Kxe3 Qe7+ 43. Kd4 0-1

[Event "8th Dubai Open"]
[Site "Dubai UAE"]
[Date "2006.04.30"]
[Round "8"]
[White "Adly,A"]
[Black "Kotsur,P"]
[Result "1/2-1/2"]
[WhiteElo "2460"]
[BlackElo "2570"]
[EventDate "2006.04.23"]

1. d4 Nf6 2. Nf3 c5 3. e3 g6 4. Be2 Bg7 5. O-O O-O 6. c4 cxd4 7. Nxd4 d5 8.
Nc3 dxc4 9. Bxc4 a6 10. b3 b5 11. Be2 e5 12. Nc2 Bf5 13. Nb4 Ra7 14. a3 Rd7
15. Qe1 Qe7 16. Bf3 e4 17. Be2 Ng4 18. Bb2 Qe5 19. Bxg4 Bxg4 20. Rb1 Qe6
21. Ne2 Bxb2 22. Rxb2 Bxe2 23. Qxe2 Rfd8 24. h3 Rd6 25. a4 a5 26. Nc2 Rd2
27. Qxb5 Qf6 28. Ra2 Qc3 29. Qc4 Qxc4 30. bxc4 Rc8 31. Nb4 Rxa2 32. Nxa2
Rxc4 33. Rc1 Rxa4 34. Rc8+ Kg7 35. Nc3 Ra1+ 36. Kh2 Rc1 37. Rxb8 Rxc3 38.
Ra8 Rc5 39. g4 Kf6 40. Kg3 g5 41. h4 gxh4+ 42. Kxh4 Ke6 43. Ra7 Rb5 1/2-1/2

[Event "8th Dubai Open"]
[Site "Dubai UAE"]
[Date "2006.04.30"]
[Round "8"]
[White "Taleb,M"]
[Black "Gagunashvili,M"]
[Result "0-1"]
[WhiteElo "2452"]
[BlackElo "2560"]
[EventDate "2006.04.23"]

1. d4 Nf6 2. c4 c5 3. d5 b5 4. Nf3 g6 5. a4 bxc4 6. Nc3 d6 7. Nd2 Bg7 8.
Nxc4 O-O 9. e4 Ba6 10. Ne3 Bxf1 11. Kxf1 Nbd7 12. a5 Rb8 13. g3 Ne8 14. Kg2
Nc7 15. h4 Nb5 16. Nxb5 Rxb5 17. h5 Rxa5 18. Rxa5 Qxa5 19. hxg6 fxg6 20.
Qg4 Qb5 21. Qh3 Nf6 22. Qe6+ Rf7 23. Ng4 Nxg4 24. Qxg4 Qb3 25. Qc8+ Bf8 26.
Qg4 a5 27. Qd1 a4 28. e5 Bg7 29. Bf4 g5 30. exd6 Qxd1 31. Rxd1 gxf4 0-1

[Event "8th Dubai Open"]
[Site "Dubai UAE"]
[Date "2006.04.30"]
[Round "8"]
[White "Anastasian,A"]
[Black "Sareen,V"]
[Result "1-0"]
[WhiteElo "2553"]
[BlackElo "2386"]
[EventDate "2006.04.23"]

1. d4 Nf6 2. c4 g6 3. Nf3 Bg7 4. Nc3 d5 5. Bf4 c5 6. dxc5 Qa5 7. cxd5 Nxd5
8. Qxd5 Bxc3+ 9. Bd2 Be6 10. Qg5 Bxd2+ 11. Qxd2 Qxc5 12. Ng5 Bd7 13. Rc1
Qb6 14. e3 h6 15. Nf3 O-O 16. Bc4 Be6 17. Nd4 Bxc4 18. Rxc4 Qa6 19. b3 Rd8
20. Qc2 e5 21. Nf3 Qd6 22. O-O Nc6 23. h3 Rd7 24. Qc3 Re8 25. b4 a6 26. a4
Qd3 27. b5 axb5 28. Qxd3 Rxd3 29. axb5 Na7 30. Rc5 Rb3 31. Rd1 Rxb5 32. Rc7
Nc6 33. Rdd7 Rf8 34. g4 Nb8 35. Rd1 Kg7 36. Kg2 Re8 37. Kg3 e4 38. Nd4 Rb6
39. Rdc1 Nc6 40. Nxc6 Rxc6 41. R1xc6 bxc6 42. Rxc6 g5 43. h4 Re5 44. h5 Re6
45. Rxe6 fxe6 46. f4 exf3 47. Kxf3 Kf7 48. Ke4 Kf6 49. Kd4 Kf7 50. Ke5 Ke7
51. e4 1-0

[Event "8th Dubai Open"]
[Site "Dubai UAE"]
[Date "2006.04.30"]
[Round "8"]
[White "Habu,Y"]
[Black "Miroshnichenko,E"]
[Result "0-1"]
[WhiteElo "2382"]
[BlackElo "2608"]
[EventDate "2006.04.23"]

1. e4 c5 2. Nf3 d6 3. d4 cxd4 4. Nxd4 Nf6 5. Nc3 Nc6 6. Bg5 e6 7. Qd2 Be7
8. O-O-O Nxd4 9. Qxd4 O-O 10. f4 Qa5 11. Bc4 Bd7 12. e5 dxe5 13. fxe5 Bc6
14. Bd2 Nd7 15. Nd5 Qc5 16. Nxe7+ Qxe7 17. Rhe1 Rfd8 18. Qg4 Nf8 19. Bd3
Rxd3 20. cxd3 Qd7 21. Bb4 Ng6 22. Bd6 f5 23. Qg5 Bd5 24. Kb1 Qa4 25. b3 Qh4
26. Qxh4 Nxh4 27. g3 Nf3 28. Re2 g5 29. Rc1 Kf7 30. Rc7+ Kg6 31. Kb2 h5 32.
Rec2 h4 33. gxh4 Nxh4 34. Rc8 Rxc8 35. Rxc8 f4 36. Kc3 Nf3 37. h3 a6 38. a3
Kh6 39. Be7 Nxe5 40. Bf6 Nf3 41. b4 Kg6 42. Be7 e5 43. Rf8 Nd4 44. Kd2 Be6
45. Rh8 Nf3+ 46. Kd1 Bf5 47. Ke2 Ng1+ 48. Kd2 Nxh3 49. Bc5 Bd7 50. Bd6 Ng1
51. Ke1 Nf3+ 52. Kf2 Bc6 53. Bc5 g4 54. Rg8+ Kf5 55. Rf8+ Ke6 56. Rg8 g3+
57. Kf1 Nh2+ 58. Kg1 Kf5 59. Be7 Nf3+ 60. Kf1 Bb5 61. Ke2 e4 0-1

[Event "8th Dubai Open"]
[Site "Dubai UAE"]
[Date "2006.04.30"]
[Round "8"]
[White "Sturua,Z"]
[Black "El Arousy,A"]
[Result "1-0"]
[WhiteElo "2524"]
[BlackElo "2369"]
[EventDate "2006.04.23"]

1. Nf3 Nf6 2. c4 e6 3. Nc3 d5 4. d4 c6 5. Bg5 dxc4 6. e4 b5 7. e5 h6 8. Bh4
g5 9. Nxg5 hxg5 10. Bxg5 Nbd7 11. g3 Be7 12. exf6 Nxf6 13. Bg2 Bb7 14. O-O
Qb6 15. a4 O-O-O 16. Qf3 c5 17. dxc5 Bxf3 18. cxb6 Bxg2 19. Kxg2 b4 20.
bxa7 Kb7 21. Nb5 Rd5 22. h4 Rc8 23. Rac1 Ng8 24. Rfe1 f6 25. Bf4 e5 26. Be3
b3 27. Red1 Rxd1 28. Rxd1 Kc6 29. h5 Bb4 30. h6 Ne7 31. h7 Rh8 32. Rc1 Nd5
33. Rxc4+ Kb7 34. Bc5 Bd2 35. Bf8 Rxf8 36. Nd6+ Kxa7 37. Rc8 Rxc8 38. Nxc8+
Ka6 39. h8=Q 1-0

[Event "8th Dubai Open"]
[Site "Dubai UAE"]
[Date "2006.04.30"]
[Round "8"]
[White "Bajarani,I"]
[Black "Babaev,Ra"]
[Result "0-1"]
[WhiteElo "2352"]
[BlackElo "2481"]
[EventDate "2006.04.23"]

1. e4 c5 2. b3 Nc6 3. Bb2 d6 4. f4 e6 5. Nf3 Nf6 6. Nc3 Be7 7. Bb5 Qc7 8.
Qe2 O-O 9. Bxc6 Qxc6 10. g4 b5 11. g5 Nh5 12. Qe3 Bb7 13. d3 f5 14. gxf6
Bxf6 15. O-O-O d5 16. exd5 exd5 17. d4 b4 18. Ne2 c4 19. Kb1 a5 20. Ne5 Qe8
21. Rhg1 c3 22. Bc1 a4 23. Nd3 axb3 24. cxb3 c2+ 25. Kxc2 Rxa2+ 26. Nb2
Qxe3 27. Bxe3 Re8 0-1

[Event "8th Dubai Open"]
[Site "Dubai UAE"]
[Date "2006.04.30"]
[Round "8"]
[White "Sai,Sr"]
[Black "Abbasov,F"]
[Result "0-1"]
[WhiteElo "2309"]
[BlackElo "2467"]
[EventDate "2006.04.23"]

1. e4 g6 2. d4 Bg7 3. Nc3 c6 4. a4 d6 5. Nge2 Na6 6. g3 Bd7 7. Bg2 Qc8 8.
h3 Nc7 9. Be3 d5 10. exd5 cxd5 11. Nxd5 Nxd5 12. Bxd5 Bxh3 13. Qd3 Nf6 14.
Bxb7 Qxb7 15. Rxh3 O-O 16. b3 Rfc8 17. c4 Rab8 18. Rb1 Ng4 19. Kf1 Qf3 20.
Ng1 Nxf2 21. Nxf3 Nxd3 22. Ke2 Nb4 23. Kd2 e6 24. g4 Nc6 25. Kc3 a5 26.
Rbh1 Ne7 27. Bd2 Nd5+ 28. Kc2 Nb4+ 29. Bxb4 Rxb4 30. g5 Rcb8 31. Ne5 R4b7
32. Rf3 Rc7 33. Rf4 Rbb7 34. Ng4 Rc8 35. Nf6+ Bxf6 36. gxf6 h5 37. Re4 Rd7
38. Kc3 Rd5 39. Re5 Kh7 40. Rxd5 exd5 41. c5 Rb8 42. Re1 g5 43. Re5 Kg6 44.
Rxd5 h4 45. Re5 h3 46. Re1 g4 47. Kd3 h2 48. Ke3 Re8+ 0-1

[Event "8th Dubai Open"]
[Site "Dubai UAE"]
[Date "2006.05.01"]
[Round "9"]
[White "Sadvakasov,D"]
[Black "Fedorchuk,S"]
[Result "1/2-1/2"]
[WhiteElo "2619"]
[BlackElo "2576"]
[EventDate "2006.04.23"]

1. e4 e5 2. Nf3 Nc6 3. Bb5 a6 4. Ba4 Nf6 5. O-O b5 6. Bb3 Bc5 7. c3 d6 8.
a4 Bb7 9. d4 Bb6 10. Bg5 h6 11. Bxf6 Qxf6 12. Bd5 O-O 13. dxe5 dxe5 14. Qe2
Rfb8 15. Na3 Ne7 16. Bxb7 Rxb7 17. axb5 axb5 18. Nxb5 Bxf2+ 19. Kxf2 Qb6+
20. Qe3 Rxa1 21. Rxa1 Qxb5 22. b4 f6 23. Nd2 Rb6 24. Qe2 Qd7 25. Nb3 f5 26.
Nc5 Qc8 27. Qc4+ Kh7 28. Qf7 Ng6 29. Kg1 fxe4 30. Nxe4 Nf4 31. Re1 Rg6 32.
g3 Qg4 33. Qc4 Nh3+ 34. Kg2 Nf4+ 35. Kg1 Nh3+ 36. Kg2 Nf4+ 1/2-1/2

[Event "8th Dubai Open"]
[Site "Dubai UAE"]
[Date "2006.05.01"]
[Round "9"]
[White "Satyapragyan,S"]
[Black "Ramaswamy,A"]
[Result "1-0"]
[WhiteElo "2403"]
[BlackElo "2239"]
[EventDate "2006.04.23"]

1. e4 e5 2. Nf3 Nf6 3. Nxe5 d6 4. Nf3 Nxe4 5. d4 d5 6. Bd3 Nc6 7. O-O Bg4
8. c3 Bd6 9. Nbd2 f5 10. Qb3 Qd7 11. Kh1 Ne7 12. c4 O-O 13. c5 Bf4 14. Nxe4
fxe4 15. Bxe4 Kh8 16. Bxf4 dxe4 17. Ne5 Qxd4 18. Nf7+ Kg8 19. Nh6+ Kh8 20.
Be3 Qd7 21. Nf7+ Rxf7 22. Qxf7 Be6 23. Qf4 Qc6 24. Rad1 Bxa2 25. Qg5 Nd5
26. Bd4 Rg8 27. Rfe1 Nf6 28. Re3 Bd5 29. Bxf6 1-0

[Event "8th Dubai Open"]
[Site "Dubai UAE"]
[Date "2006.05.01"]
[Round "9"]
[White "Ghaem Maghami,E"]
[Black "Adly,A"]
[Result "1/2-1/2"]
[WhiteElo "2584"]
[BlackElo "2460"]
[EventDate "2006.04.23"]

1. e4 c5 2. c3 d5 3. exd5 Qxd5 4. d4 Nc6 5. Nf3 cxd4 6. cxd4 e5 7. Nc3 Bb4
8. Bd2 Bxc3 9. Bxc3 e4 10. Ne5 Nxe5 11. dxe5 Ne7 12. Be2 Bd7 13. O-O Bc6
14. Qc1 Qe6 15. Rd1 O-O 16. Rd6 Qf5 17. h3 Nd5 18. Bg4 Nxc3 19. Bxf5 Ne2+
20. Kf1 Nxc1 21. Rxc1 Rfd8 22. Rcd1 Rxd6 23. Rxd6 Kf8 24. Rd4 Re8 25. Bxe4
Rxe5 26. Bxc6 bxc6 27. Rc4 Ra5 28. a3 Rb5 29. Rxc6 Rxb2 30. Rc8+ Ke7 31.
Rc7+ Kf6 32. g3 g5 33. Rxa7 h5 34. Ra4 Ke5 35. h4 gxh4 36. Rxh4 Ra2 37. a4
f5 38. Rb4 Kf6 39. Kg2 Kg5 40. Rf4 Ra3 41. Rc4 Ra2 42. Rb4 Ra1 43. Kh3 Rh1+
44. Kg2 Ra1 45. Rd4 Ra2 46. Rc4 Ra1 47. Rc6 Ra2 48. a5 h4 49. gxh4+ Kxh4
50. a6 Kg4 51. Rg6+ Kf4 52. Rf6 Kg5 53. Rb6 Kf4 54. Rg6 Ra1 55. Re6 1/2-1/2

[Event "8th Dubai Open"]
[Site "Dubai UAE"]
[Date "2006.05.01"]
[Round "9"]
[White "Kotsur,P"]
[Black "Kayumov,S"]
[Result "1-0"]
[WhiteElo "2570"]
[BlackElo "2426"]
[EventDate "2006.04.23"]

1. c4 e5 2. g3 Nf6 3. Bg2 h6 4. b3 Nc6 5. Bb2 d6 6. Nf3 Bf5 7. d3 Qd7 8. h3
Be7 9. Nc3 O-O 10. e4 Bh7 11. O-O Nd8 12. Nh2 Ne8 13. d4 exd4 14. Qxd4 f5
15. e5 f4 16. exd6 Qxd6 17. Nd5 c6 18. Nxf4 Qxd4 19. Bxd4 Bg5 20. Be3 Nd6
21. Rad1 Nf5 22. Bc1 Nh4 23. Rfe1 Nxg2 24. Kxg2 Bc2 25. Rd2 Bxf4 26. Rxc2
Bxc1 27. Rcxc1 c5 28. Re7 b6 29. Nf3 Nc6 30. Rc7 Rf6 31. Rd1 Kh8 32. Rdd7
Nd4 33. Nxd4 Raf8 34. f4 cxd4 35. Rxd4 Re8 36. Rdd7 1-0

[Event "8th Dubai Open"]
[Site "Dubai UAE"]
[Date "2006.05.01"]
[Round "9"]
[White "Krivoshey,S"]
[Black "Safarli,E"]
[Result "0-1"]
[WhiteElo "2531"]
[BlackElo "2417"]
[EventDate "2006.04.23"]

1. Nf3 Nf6 2. c4 b6 3. g3 Bb7 4. d4 e6 5. Bg2 Bb4+ 6. Bd2 Qe7 7. O-O O-O 8.
Bf4 Bd6 9. Bxd6 cxd6 10. d5 Na6 11. Nc3 Rac8 12. Nd2 exd5 13. cxd5 Rfe8 14.
Re1 Nc5 15. Rc1 h5 16. Nb3 Nce4 17. Nxe4 Nxe4 18. Rxc8 Rxc8 19. Nd4 Qe5 20.
f3 Nf6 21. e4 Rc4 22. Nb5 Qxb2 23. Nxd6 Rc2 24. Bf1 Ba6 25. Qa1 Qa3 26.
Bxa6 Qxf3 27. Re2 Rxe2 28. Bxe2 Qxe2 29. Qd4 Ng4 30. Nf5 f6 31. h3 Ne5 32.
Qf2 Qxe4 33. Ne3 b5 34. Kf1 Nd3 35. Qd2 Qf3+ 36. Kg1 Qxg3+ 37. Ng2 Ne5 38.
Qe2 Qxh3 39. Qxb5 Qg4 40. Qb8+ Kh7 41. Qb1+ g6 42. Qf1 Nf3+ 43. Kf2 h4 44.
Ne3 Qg3+ 45. Ke2 Nd4+ 46. Kd2 Qg5 47. Kd3 Nf5 48. Nd1 Qg3+ 49. Kd2 h3 50.
Nf2 h2 51. Nh1 Qe3+ 52. Kc2 Qg1 0-1

[Event "8th Dubai Open"]
[Site "Dubai UAE"]
[Date "2006.05.01"]
[Round "9"]
[White "Babaev,Ra"]
[Black "Sturua,Z"]
[Result "0-1"]
[WhiteElo "2481"]
[BlackElo "2524"]
[EventDate "2006.04.23"]

1. e4 e5 2. Nf3 Nc6 3. Bb5 a6 4. Ba4 Nf6 5. O-O Be7 6. Re1 b5 7. Bb3 d6 8.
c3 O-O 9. h3 Na5 10. Bc2 c5 11. d3 Re8 12. Nbd2 Bf8 13. Nf1 h6 14. d4 Nc6
15. d5 Ne7 16. a4 Bd7 17. Be3 Qc8 18. Ng3 Qb7 19. b3 Reb8 20. Qd2 Qc8 21.
Rec1 Ne8 22. b4 c4 23. Ra3 f5 24. Nxf5 Nxf5 25. exf5 Bxf5 26. Bxf5 Qxf5 27.
Rca1 Nc7 28. axb5 axb5 29. Ra7 Qe4 30. Rd1 Rxa7 31. Bxa7 Ra8 32. Bb6 Ne8
33. Ba5 Nf6 34. Nh2 Re8 35. Nf1 Qf4 36. Qc2 Nd7 37. Ng3 e4 38. Rd4 Nf6 39.
Nf1 h5 40. Rd1 Nd7 41. Re1 Re5 42. Nd2 Rxd5 43. Nxe4 Rd3 44. Bd8 Ne5 45.
Bg5 Qf5 46. f4 Nf7 47. Nf2 Nxg5 48. fxg5 Rd5 49. Qe2 Re5 50. Qd2 Qxg5 51.
Qd1 d5 52. Rf1 Qe3 53. Qc2 d4 54. cxd4 Qxd4 55. Rd1 Qf4 56. Qb2 Re3 57. Kh1
Qe5 58. Qb1 Re2 0-1

[Event "8th Dubai Open"]
[Site "Dubai UAE"]
[Date "2006.05.01"]
[Round "9"]
[White "Ramesh,R"]
[Black "Sethuraman,S"]
[Result "1-0"]
[WhiteElo "2507"]
[BlackElo "2231"]
[EventDate "2006.04.23"]

1. e4 e5 2. Nf3 Nc6 3. Bb5 a6 4. Ba4 Nf6 5. d3 d6 6. c3 Be7 7. O-O O-O 8.
Nbd2 b5 9. Bc2 Re8 10. Re1 Bf8 11. d4 Bb7 12. a4 exd4 13. cxd4 Nb4 14. Bb1
c5 15. d5 Nd7 16. Ra3 h6 17. Rae3 c4 18. axb5 axb5 19. b3 Ba6 20. Ba3 Qa5
21. Bb2 Nd3 22. Bxd3 cxd3 23. Rxd3 b4 24. Nc4 Bxc4 25. bxc4 Nc5 26. Rde3
Qa2 27. Qc1 Rec8 28. R1e2 Na4 29. Bxg7 Qxe2 30. Rxe2 Bxg7 31. e5 b3 32. g3
b2 33. Rxb2 Nxb2 34. Qxb2 dxe5 35. Qc2 Ra1+ 36. Kg2 Rca8 37. d6 R1a2 38.
Qe4 Rc8 39. Nxe5 Raa8 40. c5 Ra5 41. Nc6 Rxc5 42. Ne7+ 1-0

[Event "8th Dubai Open"]
[Site "Dubai UAE"]
[Date "2006.05.01"]
[Round "9"]
[White "Abbasov,F"]
[Black "Odeev,H"]
[Result "1-0"]
[WhiteElo "2467"]
[BlackElo "2492"]
[EventDate "2006.04.23"]

1. d4 Nf6 2. c4 e6 3. Nf3 b6 4. Nc3 Bb4 5. Bg5 Bb7 6. Nd2 Be7 7. e4 d6 8.
Be3 O-O 9. Bd3 c5 10. d5 e5 11. h4 Bc8 12. Be2 Ne8 13. Bg4 Nd7 14. Nf3 Ndf6
15. Bxc8 Qxc8 16. Nh2 a6 17. g4 b5 18. g5 Nd7 19. b3 Bd8 20. Ke2 Rb8 21.
Nf3 Ba5 22. Qd3 bxc4 23. bxc4 f5 24. exf5 Bxc3 25. Qxc3 e4 26. Nd2 Ne5 27.
h5 Qxf5 28. Rh4 Nc7 29. h6 Rf7 30. hxg7 Nf3 31. Nxf3 exf3+ 32. Kd2 Nxd5 33.
cxd5 Rfb7 34. Rc1 Rb1 35. Rf4 R8b2+ 36. Kd1 Rxc1+ 37. Bxc1 Qxd5+ 38. Bd2
Rb1+ 39. Kc2 Qxa2+ 40. Kd3 Qd5+ 41. Ke3 Qe6+ 42. Kxf3 Qh3+ 43. Ke2 Qf1+ 44.
Ke3 Qh3+ 45. f3 Qe6+ 46. Kf2 Rb8 47. Qf6 Qxf6 48. gxf6 Kf7 49. Bc3 1-0

[Event "8th Dubai Open"]
[Site "Dubai UAE"]
[Date "2006.05.01"]
[Round "9"]
[White "Kulicov,O"]
[Black "Neverov,V"]
[Result "0-1"]
[WhiteElo "2407"]
[BlackElo "2572"]
[EventDate "2006.04.23"]

1. e4 c5 2. c3 e6 3. d4 d5 4. exd5 exd5 5. Nf3 Nc6 6. Be3 c4 7. g3 Bd6 8.
Bg2 Nf6 9. O-O O-O 10. b3 Bf5 11. Re1 Bd3 12. Qc1 Qc7 13. Nfd2 b5 14. Bg5
Ne4 15. Nxe4 dxe4 16. bxc4 bxc4 17. Bxe4 Bxe4 18. Rxe4 f5 19. Re2 f4 20.
Bxf4 Bxf4 21. gxf4 Ne7 22. Nd2 Nd5 23. Ne4 Rxf4 24. Qf1 Raf8 25. Qh3 R4f5
26. Qg3 Nf4 27. Re3 Qc6 28. Rae1 h6 29. Qg4 h5 30. Qg3 Nd5 31. R3e2 Nf4 32.
Re3 Nd5 33. R3e2 Rf4 34. h3 h4 35. Qg2 R4f5 36. Ng5 Qg6 37. Ne6 Qxg2+ 38.
Kxg2 R8f6 39. f4 Rxe6 40. Rxe6 Nxf4+ 41. Kh2 Nxe6 42. Rxe6 Rf2+ 43. Kg1 Rf3
44. Kg2 Rxc3 45. Ra6 Rg3+ 46. Kh2 Rd3 47. Rxa7 Rd2+ 48. Kg1 c3 0-1

[Event "8th Dubai Open"]
[Site "Dubai UAE"]
[Date "2006.05.01"]
[Round "9"]
[White "El Taher,F"]
[Black "Lalith,B"]
[Result "1/2-1/2"]
[WhiteElo "2468"]
[BlackElo "2240"]
[EventDate "2006.04.23"]

1. e4 c6 2. d4 d5 3. Nc3 dxe4 4. Nxe4 Nd7 5. Ng5 Ngf6 6. Bd3 e6 7. N1f3 Bd6
8. Qe2 h6 9. Ne4 Nxe4 10. Qxe4 Qc7 11. O-O b6 12. Qg4 Kf8 13. b3 Bb7 14.
Bb2 Nf6 15. Qh4 Be7 16. Ne5 Nd7 17. Qh3 Nxe5 18. dxe5 Rd8 19. Rad1 Bc8 20.
Be4 c5 21. Qf3 Kg8 22. Rxd8+ Bxd8 23. Rd1 g6 24. g3 Be7 25. h4 h5 26. Qf4
Kg7 27. Rd3 Bb7 28. Rf3 Rf8 29. Kg2 Bxe4 30. Qxe4 Rd8 31. Rd3 Kg8 32. a4 a5
33. Kf3 Bf8 34. Ke2 Bg7 1/2-1/2

[Event "8th Dubai Open"]
[Site "Dubai UAE"]
[Date "2006.05.01"]
[Round "9"]
[White "Toufighi,H"]
[Black "Sale,S"]
[Result "1/2-1/2"]
[WhiteElo "2347"]
[BlackElo "2453"]
[EventDate "2006.04.23"]

1. e4 c5 2. Nf3 e6 3. c3 Nf6 4. e5 Nd5 5. d4 cxd4 6. cxd4 Nc6 7. Nc3 Nxc3
8. bxc3 d6 9. exd6 Bxd6 10. Bd3 O-O 11. O-O Qc7 12. Re1 Bd7 13. Rb1 b6 14.
Rb5 g6 15. Qd2 Rfe8 16. Rh5 Bf8 17. Rh4 Bg7 18. Ng5 h6 19. Nxf7 Kxf7 20.
Bxg6+ Kg8 21. Bxe8 Rxe8 22. Rg4 Re7 23. Qxh6 Rf7 24. Rg5 Ne7 25. Qh3 Qc4
26. a3 Nd5 27. Rg3 Qa2 28. Rf1 Qe2 29. c4 Qxc4 30. Bh6 Qxd4 31. Rg4 Nf4 32.
Qh4 e5 33. Bxg7 Rxg7 34. Qd8+ Kf7 35. Rxg7+ Kxg7 36. Qe7+ Kg6 37. h4 Bc6
38. Re1 Bxg2 39. Qg5+ Kf7 40. Qf5+ Kg7 41. Qg5+ Kf7 42. Qxe5 Qxe5 43. Rxe5
Kf6 44. Re8 Bd5 45. Rf8+ Ke5 46. Kh2 b5 47. Rb8 Bc6 48. f3 a5 49. Kg3 Bd7
50. Rb7 Nh5+ 51. Kf2 Bc6 52. Rh7 Nf6 53. Ra7 a4 54. Kg3 Bd7 55. Kf2 Be6 56.
Rb7 Bc4 57. Kg3 Kf5 58. Kf2 Nd5 59. Rg7 Kf6 60. Rg1 b4 61. axb4 a3 62. Ra1
a2 63. b5 Kf5 64. Kg3 Nb6 65. f4 Kg6 66. Kg4 Be6+ 67. Kf3 Bd5+ 68. Ke3 Na4
69. Kd4 Bf7 70. Ke5 Bc4 71. f5+ Kh5 72. f6 Kxh4 73. Kd6 Kg5 74. Ke7 Nc3 75.
f7 Bxf7 76. Kxf7 Nxb5 77. Rxa2 Nd4 78. Ra5+ Kf4 79. Kf6 Ke4 80. Rh5 Nf3 81.
Rh3 Kf4 82. Rh1 Ke4 83. Rh8 Kf4 84. Ra8 Ke4 1/2-1/2

[Event "8th Dubai Open"]
[Site "Dubai UAE"]
[Date "2006.05.01"]
[Round "9"]
[White "Amanov,M"]
[Black "Taleb,M"]
[Result "1-0"]
[WhiteElo "2305"]
[BlackElo "2452"]
[EventDate "2006.04.23"]

1. d4 Nf6 2. Nf3 e6 3. g3 b6 4. Bg2 Bb7 5. c4 Bb4+ 6. Bd2 Be7 7. O-O O-O 8.
Nc3 d5 9. Ne5 h6 10. Rc1 c6 11. Bf4 Nfd7 12. cxd5 cxd5 13. e4 Nxe5 14. Bxe5
dxe4 15. Bxe4 Bxe4 16. Nxe4 f5 17. Qb3 Kf7 18. Nc3 Nc6 19. Rfe1 Na5 20. Qd1
Kg8 21. d5 exd5 22. Nxd5 Rf7 23. b4 Bg5 24. f4 Rd7 25. bxa5 Rxd5 26. Qb3
Kh7 27. fxg5 hxg5 28. Rcd1 Rxd1 29. Qxd1 Qe7 30. Bc3 Qf7 31. Qd6 Re8 32.
Rxe8 Qxe8 33. Qe5 Qd7 34. Qd4 Qf7 35. axb6 axb6 36. a4 f4 37. Qxb6 fxg3 38.
hxg3 Qf3 39. Qc7 Qe3+ 40. Kf1 Qf3+ 41. Ke1 Qe4+ 42. Kd2 Qg2+ 43. Kc1 Qf1+
44. Kb2 Qf2+ 45. Kb3 Kg6 46. g4 1-0

[Event "8th Dubai Open"]
[Site "Dubai UAE"]
[Date "2006.05.01"]
[Round "9"]
[White "Nadig,K"]
[Black "Bistric,F"]
[Result "0-1"]
[WhiteElo "2239"]
[BlackElo "2430"]
[EventDate "2006.04.23"]

1. e4 c6 2. d4 d5 3. exd5 cxd5 4. c4 Nf6 5. Nc3 e6 6. Nf3 Be7 7. cxd5 Nxd5
8. Bd3 Nc6 9. O-O O-O 10. Bb1 b6 11. Qd3 g6 12. Bh6 Re8 13. a3 Bb7 14. Ba2
Nxc3 15. Qxc3 Bf6 16. Rad1 Rc8 17. Qe3 Ne7 18. Qd3 Nf5 19. Be3 Bd5 20. Bxd5
Qxd5 21. Bg5 Bxg5 22. Nxg5 Red8 23. Nf3 Rc4 24. b3 Rc7 25. g4 Ne7 26. Qe3
Qd6 27. Qh6 Nd5 28. Rd3 Qf4 29. Qh4 Rdc8 30. h3 Rc3 31. Rfd1 Rxd3 32. Rxd3
Rc1+ 33. Kg2 Qe4 34. Re3 Nxe3+ 35. fxe3 Qxe3 36. Qd8+ Kg7 37. g5 Qf4 0-1